[Event "Niederbayernliga 1415"]
[Site "Bayern"]
[Date "2015.01.31"]
[Round "6.6"]
[White "Bauer, David1111"]
[Black "Cengiz, Firat"]
[Result "1-0"]
[WhiteElo "1675"]
[BlackElo "1928"]
[PlyCount "33"]
[EventDate "2014.10.19"]
[EventType "team-tourn"]
[EventRounds "9"]
[EventCountry "GER"]
[SourceTitle "EXT 2023"]
[Source "ChessBase"]
[SourceDate "2022.10.05"]
[SourceVersion "1"]
[SourceVersionDate "2022.10.05"]
[SourceQuality "1"]
[WhiteTeam "Schaibing"]
[BlackTeam "Straubing JVA"]
[WhiteTeamCountry "GER"]
[BlackTeamCountry "GER"]

1. e4 c5 2. Nc3 e6 3. Bc4 d6 4. f4 Nc6 5. Nf3 Na5 6. Bb5+ Bd7 7. Be2 Be7 8. 0-0 Nf6 9. d3 Qc7 10. Qe1 0-0-0 11. Bd2 b6 12. a4 h5 13. Nb5 Bxb5 14. axb5 Nb7 15. Rxa7 d5 16. Ne5 Bd6 17. Ra8+ 1-0

[Event "Niederbayernliga 1415"]
[Site "Bayern"]
[Date "2014.12.06"]
[Round "4.6"]
[White "Fuchsgruber, Helmut"]
[Black "Cengiz, Firat"]
[Result "1-0"]
[WhiteElo "1766"]
[BlackElo "1928"]
[PlyCount "49"]
[EventDate "2014.10.19"]
[EventType "team-tourn"]
[EventRounds "9"]
[EventCountry "GER"]
[SourceTitle "EXT 2023"]
[Source "ChessBase"]
[SourceDate "2022.10.05"]
[SourceVersion "1"]
[SourceVersionDate "2022.10.05"]
[SourceQuality "1"]
[WhiteTeam "Landau Dingolfing"]
[BlackTeam "Straubing JVA"]
[WhiteTeamCountry "GER"]
[BlackTeamCountry "GER"]

1. d4 Nf6 2. Nf3 d5 3. e3 e6 4. Bd3 Bb4+ 5. c3 Bd6 6. Nbd2 0-0 7. 0-0 b6 8. e4 dxe4 9. Nxe4 Bb7 10. Bg5 Nbd7 11. Qc2 g6 12. Ne5 Nxe5 13. Nxf6+ Kh8 14. Ne4 f6 15. dxe5 Bxe5 16. Bh6 Rf7 17. f4 Bd6 18. Rad1 Be7 19. Bb5 Qc8 20. Bd7 Bxe4 21. Qxe4 Bc5+ 22. Kh1 Rxd7 23. Rxd7 Qe8 24. Re1 e5 25. Bg7+ 1-0

[Event "Niederbayernliga 1415"]
[Site "Bayern"]
[Date "2014.11.23"]
[Round "3.6"]
[White "Cengiz, Firat"]
[Black "Gerl, Hans Peter"]
[Result "1/2-1/2"]
[WhiteElo "1928"]
[BlackElo "1592"]
[PlyCount "68"]
[EventDate "2014.10.19"]
[EventType "team-tourn"]
[EventRounds "9"]
[EventCountry "GER"]
[SourceTitle "EXT 2023"]
[Source "ChessBase"]
[SourceDate "2022.10.05"]
[SourceVersion "1"]
[SourceVersionDate "2022.10.05"]
[SourceQuality "1"]
[WhiteTeam "Straubing JVA"]
[BlackTeam "Straubing SC"]
[WhiteTeamCountry "GER"]
[BlackTeamCountry "GER"]

1. d4 Nf6 2. Nf3 g6 3. c4 Bg7 4. Nc3 d6 5. Bg5 0-0 6. e3 Nbd7 7. Be2 b6 8. 0-0 Bb7 9. Qc2 Rc8 10. e4 h6 11. Bh4 Nh5 12. Bg3 Nxg3 13. fxg3 Nf6 14. Rad1 e6 15. h3 Qe7 16. Nh2 Nh7 17. Qd2 Qg5 18. Qd3 Qe7 19. h4 c5 20. d5 exd5 21. exd5 Rce8 22. Bf3 Bd4+ 23. Kh1 a6 24. b3 Qe5 25. Ne2 Bb2 26. Ng4 Qg7 27. Qd2 h5 28. Nf2 Bc8 29. Ne4 Be5 30. Ng5 Nxg5 31. Qxg5 Bf6 32. Qf4 Be5 33. Qg5 Bf6 34. Qf4 Be5 1/2-1/2